Statistiques concernant Vocabulaire "Les métiers"

Cliquez ici pour prendre le quiz!

Statistiques générales

  • Ce quiz a été pris 54 fois
  • Le résultat moyen est 47 sur 93

Statistiques - réponses

HintRéponse% Correct
ArtistaArtiste
98%
MilitarMilitaire
98%
ActorActeur
93%
MecánicoMécanicien
91%
MédicoMédecin
91%
PintorPeintre
91%
ActrizActrice
89%
AstronautaAstronaute
89%
DentistaDentiste
89%
AgricultorAgriculteur
87%
ArquitectoArchitecte
87%
EstudianteÉtudiant
87%
PolicíaPolicier
87%
ProfesorProfesseur
87%
ComercianteCommerçant
84%
ElectricistaÉlectricien
84%
AgricultoraAgricultrice
82%
BiólogoBiologiste
82%
EnfermeraInfirmière
82%
ArqueólogoArchéologue
80%
EconomistaÉconomiste
80%
IngenieroIngénieur
80%
JardineroJardinier
80%
AtletaAthlète
78%
BibliotecarioBibliothécaire
78%
FutbolistaFootballeur
78%
InformáticoInformaticien
78%
FotógrafoPhotographe
78%
VeterinarioVétérinaire
78%
DirectoraDirectrice
76%
MarineroMarin
76%
ComedianteComédien
73%
LibreroLibraire
73%
FuncionarioFonctionnaire
71%
RecepcionistaRéceptionniste
71%
SoldadoSoldat
71%
DecoradoraDecoratrice
69%
ModeloModèle
69%
CantanteChanteur
67%
PsicólogaPsychologue
64%
TraductoraTraductrice
64%
CocineraCuisinière
62%
PeluqueroCoiffeur
60%
HistoriadoraHistorienne
60%
RepresentanteRépresentant
60%
BailarinaDanseuse
58%
FarmacéuticaPharmacienne
56%
PolíticoPolitique
56%
AbogadaAvocate
51%
MineroMineur
47%
PescadorPêcheur
47%
PanaderoBoulanger
42%
CamioneroCammioneur
42%
JuezJuge
42%
AstrofísicaAstrophysicienne
40%
CarniceraBouchère
40%
DeportistaSportif
40%
ProgramadorProgrammeur
38%
DibujanteDessinateur
36%
EscultoraSculpteur
36%
VigilanteGardien
33%
EspeleólogoSpéléologue
33%
TaxistaChauffeur de taxi
31%
ConserjeConcierge
29%
EntrenadoraEntraîneuse
29%
Guarda civilGendarme
29%
BomberaPompier
29%
CarpinteroCharpentier
27%
SacerdotePrêtre
27%
ZapateroCordonnier
24%
ObreroOuvrier
20%
FontaneroPlombier
20%
Mujer policíaFemme policier
18%
CirujanaChirurgienne
13%
CerrajeroSerrurier
13%
AsesoraConseillère
11%
Azafata de vueloHôtesse de l'air
11%
MaestroInstituteur
11%
CamareroServeur
11%
AlbañilMaçon
9%
CajeroCaissier
7%
DependienteVendeur
7%
PeriodistaJournaiste
2%
OdontólogoOdontologiste
2%
ArtesanaArtinsane
0%
Asesor de imagenConseiller en communicaction
0%
CriadoDomestique
0%
AdministrativaEmployée de bureau
0%
CarteraFacteuse
0%
EscritoraFemme écrivain
0%
GestoraGérante
0%
FruteraMarchande de fruits
0%
FisioterapeutaPhysiotérapeute
0%

Distribution des résultats

Percentile par nombre de réponses

% des personnes avec chaque résultat

Votre développement - résultats

Vous n’avez pas pris ce quiz